000 00433nam a2200169Ia 4500
003 GCL
008 140319s9999 xx 000 0 eng d
040 _aGCL /
_cGCL
082 0 4 _a749.32
_bS M
100 1 _aSTIMPSON, MIRIAM
245 1 0 _aMODERN FURNITURE CLASSICS /
_cSTIMPSON, MIRIAM
260 _a[S.N] :
_bTHE ARCHITECTURAL PRESS ،
_c1987
300 _a207\P
650 0 4 _aFURNITURE
650 0 4 _aWOOD ART
942 _2ddc
_cBK
999 _c20877
_d20877